Loading...
| Literature - World | 0 | 6 | 0 | 0 | 60 | 37 | 77.00 | 0 | 3 | 22.36 | 24.58 |
| Fine Arts - Painting and Sculpture | 0 | 4 | 1 | 0 | 35 | 59 | 72.50 | 0 | 4 | 14.80 | 21.67 |
| Social Science | 0 | 3 | 0 | 1 | 30 | 33 | 79.33 | 1 | 2 | 7.08 | 15.00 |
| Fine Arts - Classical Music | 0 | 4 | 2 | 0 | 30 | 54 | 75.75 | 2 | 4 | 13.26 | 21.67 |
| Literature - British | 0 | 3 | 0 | 1 | 30 | 42 | 92.00 | 0 | 1 | 9.34 | 10.00 |
| Mythology | 0 | 4 | 2 | 0 | 30 | 36 | 60.75 | 2 | 3 | 17.55 | 26.25 |
| Religion | 0 | 3 | 1 | 0 | 25 | 43 | 55.33 | 2 | 3 | 13.33 | 23.33 |
| History - American | 0 | 3 | 1 | 0 | 25 | 50 | 62.67 | 0 | 3 | 12.04 | 15.00 |
| Science - Biology | 0 | 4 | 3 | 1 | 25 | 40 | 64.00 | 2 | 3 | 13.90 | 20.00 |
| History - European | 0 | 2 | 0 | 0 | 20 | 71 | 77.00 | 0 | 1 | 6.21 | 8.33 |
| Literature - European | 0 | 2 | 0 | 0 | 20 | 64 | 78.00 | 0 | 1 | 7.60 | 7.50 |
| Fine Arts - Other | 0 | 3 | 2 | 0 | 20 | 60 | 64.67 | 2 | 3 | 12.06 | 20.00 |
| Geography | 0 | 2 | 0 | 0 | 20 | 82 | 96.50 | 0 | 2 | 24.57 | 70.00 |
| History - World | 0 | 2 | 1 | 0 | 15 | 58 | 68.50 | 0 | 1 | 7.71 | 6.67 |
| Literature - American | 0 | 1 | 0 | 0 | 10 | 102 | 102.00 | 0 | 1 | 1.94 | 3.33 |
| Current Events | 0 | 1 | 0 | 0 | 10 | 31 | 31.00 | 0 | 1 | 25.32 | 26.67 |
| Science - Other | 0 | 1 | 0 | 0 | 10 | 65 | 65.00 | 0 | 1 | 3.93 | 6.25 |
| History - Other | 0 | 1 | 0 | 1 | 10 | 121 | 121.00 | 0 | 0 | 0.07 | 1.67 |
| Science - Physics | 0 | 1 | 0 | 0 | 10 | 30 | 30.00 | 1 | 1 | 6.41 | 8.33 |
| Science - Chemistry | 0 | 1 | 1 | 0 | 5 | 76 | 76.00 | 0 | 0 | 2.92 | 3.33 |
| Philosophy | 0 | 0 | 2 | 0 | -10 | 0.00 | 0 | 0 | 0.00 | 0.00 |